| 000 | 01614nam0a2200325 4500 | ||
|---|---|---|---|
| 001 | RU\NLR\b_ik\166014 | ||
| 005 | 20260407174804.0 | ||
| 010 |
_a5-9530-0153-3 _9135 |
||
| 035 | _a(NLR Aleph) 002238796 | ||
| 090 |
_a3529113 _c3529113 |
||
| 100 | _a20080201d2007 |||y0rusy50 ca | ||
| 101 | 0 |
_aeng _drus |
|
| 102 | _aRU | ||
| 105 | _ay ||||||||| | ||
| 200 | 1 |
_aInternational conference on muon catalyzed fusion and related topics (MCF-07), Dubna, June 18-21, 2007 _eprogram and abstracts |
|
| 210 |
_aDubna _cJoint institute for nuclear research _d2007 |
||
| 215 |
_a65 c. _cил. _d22 |
||
| 225 | 1 |
_aJoint institute for nuclear research _vE4, 15-2007-76 |
|
| 300 | _aВ вып. дан.: Международная конференция "Мюонный катализ и смежные области физики" (MCF-07): программа и аннотации докладов | ||
| 300 | _aРез. на рус. яз. | ||
| 320 | _aБиблиогр. в конце докл. | ||
| 320 | _aУказ.: с. 65 | ||
| 517 | 0 |
_aМеждународная конференция "Мюонный катализ и смежные области физики" (MCF-07) _eпрограмма и аннотации докладов |
|
| 606 | 1 |
_aМюонный катализ _jСъезды, совещания и т.п. _91046897 _3RU\NLR\AUTH\6685966 |
|
| 686 | 1 | _aГ555.2я431(0) | |
| 710 | 1 | 2 |
_4070 _8eng _aInternational conference on muon catalyzed fusion and related topics _f2007 _eDubna _7ba _3RU\NLR\AUTH\8810112347 _9724412 |
| 801 | 0 |
_aRU _bNLR _c20080201 _gRCR |
|
| 942 | _cBOOK | ||
| 980 | _aNB | ||